A long line of ships : Mare Island's century of naval activity in California /

Bibliographic Details
Main Author: Lott, Arnold S.
Format: Book
Language:English
Published: Annapolis : United States Naval Institute, [1954]
Subjects:

MARC

Tag First Indicator Second Indicator Subfields
LEADER 00000cam a2200000 4500
001 in00000055966
005 20151008052336.0
008 751031s1954 mdua 00000 eng
010 |a  55000328  
035 |a (OCoLC)01749506 
035 |9 AAH2917AM 
040 |a DLC  |c FQG  |d TXA  |d UtOrBLW 
049 |a TXAS [mil] 
050 0 0 |a VA70.M3  |b L6 1954 
082 0 |a 359.7 
092 |a 359.7  |b L884 
100 1 |a Lott, Arnold S. 
245 1 2 |a A long line of ships :  |b Mare Island's century of naval activity in California /  |c by Arnold S. Lott. 
264 1 |a Annapolis :  |b United States Naval Institute,  |c [1954] 
264 4 |c ©1954 
300 |a xiv, 268 pages :  |b illustrations ;  |c 26 cm. 
336 |a text  |b txt  |2 rdacontent 
337 |a unmediated  |b n  |2 rdamedia 
338 |a volume  |b nc  |2 rdacarrier 
610 1 0 |a Mare Island Naval Shipyard  |z California  |z Vallejo. 
999 |a MARS 
999 f f |s 388c0439-9f2d-3a9b-9bad-90eb5537df5f  |i 52a963fa-f21f-31b4-9433-d28b8e7c1be4  |t 0 
952 f f |p noncirc  |a Texas A&M University  |b College Station  |c Cushing Memorial Library & Archives  |d Cushing: Ragan Military (Does not check out)  |t 0  |e VA70.M3 L6 1954  |h Library of Congress classification  |i unmediated -- volume 
952 f f |p ric  |a Texas A&M University  |b Rellis Campus  |c Joint Library Facility  |d Remote Storage  |t 0  |e VA70.M3 L6 1954  |h Library of Congress classification  |i unmediated -- volume  |m A14815439342 
998 f f |a VA70.M3 L6 1954  |t 0  |l Cushing: Ragan Military (Does not check out) 
998 f f |a VA70.M3 L6 1954  |t 0  |l Remote Storage